Sawyer's Letter to Sawyer (LOST) Quiz Stats

 Plays Quiz not verified by Sporcle

Challenge
Share
Tweet
Embed
Score 0/87 Timer 07:00
0 Plays Today
% Correct
You
98.4%
you
98.4%
you
98.4%
You
98.4%
you
98.4%
you
98.4%
you
98.4%
you
98.4%
You
98.4%
I
98.3%
I
98.3%
I
98.3%
I
98.3%
and
97%
and
97%
and
97%
and
97%
Sawyer,
96.2%
Sawyer.
96.2%
my
95.9%
my
95.9%
my
95.9%
my
95.9%
Mister
94.2%
Mister
94.2%
Dear
94%
mother,
92%
killed
92%
mother
92%
% Correct
killed
92%
killed
92%
dad's
91.7%
know
90.8%
know
90.8%
know
90.8%
know
90.8%
are,
89.7%
am,
89.2%
don't
88.7%
but
88.4%
but
88.4%
who
88.1%
who
88.1%
what
87.3%
to
87.3%
what
87.3%
to
87.3%
money
84.3%
me.
83.7%
he
83.4%
he
83.4%
he
83.4%
then
82.1%
then
82.1%
stole
81.5%
all
81%
All
81%
with
79.9%
% Correct
done.
79.8%
done
79.8%
himself
79.5%
is
77.3%
had
76.6%
sex
75.5%
parents,
74.5%
find
73.5%
too.
69.6%
so
65.5%
so
65.5%
got
63.9%
angry
63.5%
your
62.2%
name,
59.2%
gonna
55%
going
55%
away,
53.3%
I'm
53.1%
I'm
53.1%
this
51.3%
letter
48.1%
one
46.2%
give
45.6%
of
38.9%
you'll
34.8%
these
32.3%
days
31.5%
remember
25.4%

You're not logged in!

Compare scores with friends on all Sporcle quizzes.
OR
Log In

You Might Also Like...

Show Comments

Extras

Top Quizzes Today


Score Distribution

Your Account Isn't Verified!

In order to create a playlist on Sporcle, you need to verify the email address you used during registration. Go to your Sporcle Settings to finish the process.

Report this User

Report this user for behavior that violates our Community Guidelines.

Details: